[Event "Oberliga Ost B 2023 2024"]
[Site "?"]
[Date "2024.01.14"]
[Round "5.6"]
[Board "7"]
[White "Yavorovsky, Valeriy"]
[Black "Minor, Samuel"]
[Result "1/2-1/2"]
[WhiteElo "2345"]
[BlackElo "2211"]
[PlyCount "37"]
[EventDate "2023.10.22"]
[EventType "team-tourn"]
[EventCountry "GER"]
[WhiteTeam "Oberursel SV"]
[BlackTeam "Wiesbadener SV"]
[WhiteTeamCountry "GER"]
[BlackTeamCountry "GER"]

1. d4 Nf6 2. Nf3 e6 3. c4 b6 4. e3 Bb7 5. Bd3 c5 6. O-O Be7 7. b3 O-O 8. Bb2 d5 9. Qe2 Nc6 10. Nbd2 Rc8 11. Rac1 Rc7 12. Rfd1 Rd7 13. cxd5 Nxd5 14. dxc5 Bxc5 15. Ne4 Be7 16. Bb5 Qa8 17. Nc3 Nxc3 18. Bxc3 Rxd1+ 19. Rxd1 1/2-1/2

[Event "Oberliga Ost B 2023 2024"]
[Site "?"]
[Date "2024.02.24"]
[Round "6.1"]
[Board "1"]
[White "Bethke, Richard"]
[Black "Engers, Felix"]
[Result "1-0"]
[WhiteElo "2336"]
[BlackElo "2206"]
[PlyCount "65"]
[EventDate "2023.10.22"]
[EventType "team-tourn"]
[EventCountry "GER"]
[WhiteTeam "Neuberg SF"]
[BlackTeam "Erfurter SK II"]
[WhiteTeamCountry "GER"]
[BlackTeamCountry "GER"]

1. e4 e5 2. Nf3 Nc6 3. Bc4 Nf6 4. d3 Bc5 5. O-O a6 6. c3 d6 7. a4 Ba7 8. Re1 O-O 9. h3 h6 10. Nbd2 Re8 11. b4 Be6 12. Bxe6 Rxe6 13. Nb3 Qd7 14. Qc2 Rae8 15. Be3 Bxe3 16. Rxe3 Ne7 17. d4 Ng6 18. d5 R6e7 19. c4 Nh5 20. c5 Nhf4 21. Rc3 f5 22. exf5 e4 23. fxg6 exf3 24. Rxf3 Nxd5 25. Nd4 Re5 26. Rf7 R8e7 27. c6 Qc8 28. cxb7 Qxb7 29. Nc6 Re1+ 30. Kh2 R7e2 31. Rxe1 Rxe1 32. Qf5 Nf6 33. Rxf6 1-0

[Event "Oberliga Ost B 2023 2024"]
[Site "?"]
[Date "2024.02.24"]
[Round "6.1"]
[Board "3"]
[White "Lutz, Klaus Juergen"]
[Black "Seinsoth, Paul"]
[Result "1/2-1/2"]
[WhiteElo "2230"]
[BlackElo "1809"]
[PlyCount "92"]
[EventDate "2023.10.22"]
[EventType "team-tourn"]
[EventCountry "GER"]
[WhiteTeam "Neuberg SF"]
[BlackTeam "Erfurter SK II"]
[WhiteTeamCountry "GER"]
[BlackTeamCountry "GER"]

1. e4 c5 2. a3 g6 3. c3 d5 4. exd5 Qxd5 5. d4 Bg7 6. Be3 cxd4 7. cxd4 Nf6 8. Nc3 Qd8 9. Nf3 O-O 10. h3 Nbd7 11. Ne5 Nb6 12. Qf3 Nfd5 13. Bd2 Be6 14. Bd3 a6 15. O-O Nxc3 16. bxc3 Bxe5 17. dxe5 Qd5 18. Qxd5 Bxd5 19. Rfb1 Nd7 20. c4 Bc6 21. Bc3 a5 22. Be2 Nc5 23. Rd1 b6 24. Rab1 Rab8 25. Bd4 a4 26. Be3 Nb3 27. f4 Rfc8 28. Rb2 Kf8 29. g4 Ke8 30. f5 b5 31. cxb5 Bxb5 32. Bf3 Bc6 33. Bd5 Bxd5 34. Rxd5 Rc3 35. Kf2 Rd8 36. Rxd8+ Kxd8 37. Kf3 e6 38. fxe6 fxe6 39. Ke4 Kc7 40. Rf2 Kc6 41. Rf8 Nc5+ 42. Bxc5 Rxc5 43. Rd8 Kb5 44. Kd4 Rc4+ 45. Kd3 Rf4 46. Ke3 Rc4 1/2-1/2

[Event "Oberliga Ost B 2023 2024"]
[Site "?"]
[Date "2024.02.24"]
[Round "6.1"]
[Board "4"]
[White "Krueger, Rainer"]
[Black "Seifert, Christopher"]
[Result "0-1"]
[WhiteElo "2107"]
[BlackElo "2319"]
[PlyCount "76"]
[EventDate "2023.10.22"]
[EventType "team-tourn"]
[EventCountry "GER"]
[WhiteTeam "Erfurter SK II"]
[BlackTeam "Neuberg SF"]
[WhiteTeamCountry "GER"]
[BlackTeamCountry "GER"]

1. Nf3 d5 2. c4 c6 3. b3 Nf6 4. Bb2 g6 5. g3 Bg7 6. Bg2 O-O 7. O-O Qb6 8. Qc1 Bg4 9. h3 Bxf3 10. Bxf3 Nbd7 11. Nc3 Rac8 12. d3 e5 13. Rb1 Rfe8 14. Qd2 e4 15. dxe4 dxc4 16. bxc4 Qa6 17. Ba1 Nc5 18. Rfc1 b6 19. e5 Nfd7 20. Ne4 Nxe4 21. Bxe4 Nc5 22. Qf4 Qxa2 23. Qf3 Re6 24. Bd4 Qa6 25. Qe3 Bxe5 26. Bxc5 bxc5 27. Qxc5 Bxg3 28. Ra1 Qb6 29. Qxb6 axb6 30. fxg3 Rxe4 31. Kf2 Rce8 32. Rc2 R8e6 33. Rb1 c5 34. Rb3 h5 35. h4 Kg7 36. Rd3 Rd4 37. Rxd4 cxd4 38. c5 Rc6 0-1

[Event "Oberliga Ost B 2023 2024"]
[Site "?"]
[Date "2024.02.24"]
[Round "6.1"]
[Board "5"]
[White "Sergin, Mark"]
[Black "Terhorst, Jochen"]
[Result "1/2-1/2"]
[WhiteElo "2237"]
[BlackElo "2141"]
[PlyCount "120"]
[EventDate "2023.10.22"]
[EventType "team-tourn"]
[EventCountry "GER"]
[WhiteTeam "Neuberg SF"]
[BlackTeam "Erfurter SK II"]
[WhiteTeamCountry "GER"]
[BlackTeamCountry "GER"]

1. e4 d6 2. d4 Nf6 3. Nc3 e5 4. Nf3 Nbd7 5. Bc4 Be7 6. O-O O-O 7. Re1 c6 8. a4 a5 9. h3 Qc7 10. b3 Nb6 11. Bf1 Re8 12. Qd3 exd4 13. Nxd4 d5 14. Bg5 Be6 15. exd5 Nfxd5 16. Nxe6 fxe6 17. Ne4 Rad8 18. Qe2 Bxg5 19. Nxg5 Nf4 20. Qe4 Ng6 21. Nxe6 Qc8 22. Qg4 Rd6 23. Ng5 Rf6 24. Bc4+ Nd5 25. Qh5 h6 26. Nf3 Ref8 27. Bxd5+ cxd5 28. Qxd5+ Kh8 29. Qe4 Nf4 30. Ne5 Qe8 31. Ng4 Re6 32. Ne5 Qh5 33. Rad1 Qg5 34. h4 Qxh4 35. Qf3 Qe7 36. Qxf4 Rxf4 37. Ng6+ Rxg6 38. Rxe7 b6 39. Rd5 Rff6 40. Kf1 Kh7 41. Rc7 Re6 42. c4 Rgf6 43. Rdd7 Rg6 44. Rd5 Rgf6 45. c5 Rc6 46. Rxc6 Rxc6 47. cxb6 Rxb6 48. Rb5 Ra6 49. Ke2 Kg6 50. Kd3 h5 51. f4 Kh6 52. Ke4 Rg6 53. Rxa5 Rxg2 54. Ra6+ Kh7 55. Kf3 Rg1 56. Rc6 h4 57. b4 Rg3+ 58. Kf2 Rg4 59. Kf3 Rg3+ 60. Kf2 Rg4 1/2-1/2

[Event "Oberliga Ost B 2023 2024"]
[Site "?"]
[Date "2024.02.24"]
[Round "6.1"]
[Board "6"]
[White "Zitzelsberger, Philipp"]
[Black "Overbeck, Thorsten"]
[Result "1/2-1/2"]
[WhiteElo "1966"]
[BlackElo "2272"]
[PlyCount "37"]
[EventDate "2023.10.22"]
[EventType "team-tourn"]
[EventCountry "GER"]
[WhiteTeam "Erfurter SK II"]
[BlackTeam "Neuberg SF"]
[WhiteTeamCountry "GER"]
[BlackTeamCountry "GER"]

1. d4 d5 2. Nc3 Nf6 3. Bf4 c5 4. e4 dxe4 5. dxc5 Qxd1+ 6. Rxd1 a6 7. Bc4 Bg4 8. Nge2 Nbd7 9. b4 e6 10. O-O Be7 11. Rd2 h6 12. h3 Bf5 13. Rfd1 g5 14. Bd6 Bg6 15. Bb3 Bxd6 16. Rxd6 Ke7 17. Ng3 Rhd8 18. a3 Rac8 19. Na4 1/2-1/2

[Event "Oberliga Ost B 2023 2024"]
[Site "?"]
[Date "2024.02.24"]
[Round "6.1"]
[Board "7"]
[White "Koller, Jens"]
[Black "Duzy, Stefan"]
[Result "1/2-1/2"]
[WhiteElo "2137"]
[BlackElo "1919"]
[PlyCount "64"]
[EventDate "2023.10.22"]
[EventType "team-tourn"]
[EventCountry "GER"]
[WhiteTeam "Neuberg SF"]
[BlackTeam "Erfurter SK II"]
[WhiteTeamCountry "GER"]
[BlackTeamCountry "GER"]

1. e4 d5 2. exd5 Qxd5 3. Nc3 Qd6 4. d4 Nf6 5. Nf3 c6 6. g3 Bg4 7. Bg2 e6 8. O-O Be7 9. Re1 O-O 10. Ne4 Nxe4 11. Rxe4 Bf5 12. Re1 Nd7 13. c3 Qc7 14. Bf4 Bd6 15. Bxd6 Qxd6 16. Qb3 Rab8 17. Ne5 Rfd8 18. Qa4 Ra8 19. Rad1 Nxe5 20. dxe5 Qc5 21. Qb3 Qb6 22. Qa3 Rxd1 23. Rxd1 Rd8 24. Rd6 h6 25. Bf3 Bh3 26. Rxd8+ Qxd8 27. Qd6 Qg5 28. Qd4 Qc1+ 29. Bd1 h5 30. Qd8+ Kh7 31. Qd3+ Bf5 32. Qe2 g6 1/2-1/2

[Event "Oberliga Ost B 2023 2024"]
[Site "?"]
[Date "2024.02.24"]
[Round "6.1"]
[Board "8"]
[White "Sunderbrink, Heino"]
[Black "Knickel, Aaron"]
[Result "1-0"]
[WhiteElo "1965"]
[BlackElo "2138"]
[PlyCount "77"]
[EventDate "2023.10.22"]
[EventType "team-tourn"]
[EventCountry "GER"]
[WhiteTeam "Erfurter SK II"]
[BlackTeam "Neuberg SF"]
[WhiteTeamCountry "GER"]
[BlackTeamCountry "GER"]

1. Nf3 g6 2. g3 Bg7 3. Bg2 c5 4. c4 Nc6 5. O-O a6 6. e3 e5 7. Nc3 Nge7 8. a3 Rb8 9. Rb1 b5 10. cxb5 axb5 11. b4 cxb4 12. axb4 O-O 13. d4 exd4 14. Nxd4 Nxd4 15. exd4 Nf5 16. Bf4 d6 17. Ne4 Rb6 18. d5 h6 19. h4 Bb7 20. Bc1 Qa8 21. Bb2 Bxd5 22. Ra1 Bxb2 23. Rxa8 Bxa8 24. Qb3 Be5 25. Rd1 Rc8 26. Qd3 Rc4 27. h5 Rxb4 28. hxg6 fxg6 29. Qc2 Rc4 30. Qa2 Rb8 31. Nd2 Bxg2 32. Nxc4 Ra8 33. Na5+ Kg7 34. Kxg2 Bc3 35. Qb3 Bxa5 36. Qxb5 Ra7 37. Ra1 Nd4 38. Qb2 Bb6 39. Qxb6 1-0

[Event "Oberliga Ost B 2023 2024"]
[Site "?"]
[Date "2024.02.24"]
[Round "6.2"]
[Board "1"]
[White "Konopka, Michal"]
[Black "Humburg, Philipp"]
[Result "1-0"]
[WhiteElo "2342"]
[BlackElo "2256"]
[PlyCount "83"]
[EventDate "2023.10.22"]
[EventType "team-tourn"]
[EventCountry "GER"]
[WhiteTeam "Schoeneck SF"]
[BlackTeam "Marburg SK"]
[WhiteTeamCountry "GER"]
[BlackTeamCountry "GER"]

1. d4 d5 2. Nf3 Nf6 3. c4 c6 4. g3 Bf5 5. Nc3 e6 6. Nh4 Be4 7. f3 Bg6 8. Qb3 Qb6 9. Nxg6 hxg6 10. c5 Qxb3 11. axb3 Be7 12. b4 O-O 13. e3 a6 14. b5 cxb5 15. Bxb5 Rc8 16. Bd2 Nbd7 17. Bd3 Ne8 18. Kf2 Nc7 19. b4 e5 20. dxe5 Nxe5 21. Be2 Rd8 22. Rhd1 Bf6 23. Rab1 Ne6 24. e4 dxe4 25. Nxe4 Nd4 26. Bc3 Nb5 27. Bb2 Kf8 28. Nxf6 gxf6 29. f4 Nd7 30. Bf3 Rab8 31. Rd2 Nc7 32. Rbd1 Ke7 33. c6 bxc6 34. Bxc6 Nf8 35. Rxd8 Rxd8 36. Bxf6+ Kxf6 37. Rxd8 Nfe6 38. Rd2 g5 39. fxg5+ Nxg5 40. Bb7 Ke5 41. Rd7 Nge6 42. h4 1-0

[Event "Oberliga Ost B 2023 2024"]
[Site "?"]
[Date "2024.02.24"]
[Round "6.2"]
[Board "2"]
[White "Zienert, Richard"]
[Black "Nazarenus, Moritz"]
[Result "1-0"]
[WhiteElo "2271"]
[BlackElo "2252"]
[PlyCount "47"]
[EventDate "2023.10.22"]
[EventType "team-tourn"]
[EventCountry "GER"]
[WhiteTeam "Marburg SK"]
[BlackTeam "Schoeneck SF"]
[WhiteTeamCountry "GER"]
[BlackTeamCountry "GER"]

1. e4 c6 2. Nf3 d5 3. Nc3 Bg4 4. Be2 dxe4 5. Nxe4 Nf6 6. Neg5 Bxf3 7. Nxf3 e6 8. O-O Nbd7 9. d4 Qc7 10. c4 Be7 11. b3 O-O 12. Bb2 Rfd8 13. Bd3 Qa5 14. Qe2 Qh5 15. Rad1 a6 16. Bb1 b5 17. Qc2 Bd6 18. Rfe1 Rac8 19. c5 Bf4 20. h3 Nd5 21. Ne5 Nf8 22. Qe4 Ng6 23. Rd3 Nb4 24. Nxg6 1-0

[Event "Oberliga Ost B 2023 2024"]
[Site "?"]
[Date "2024.02.24"]
[Round "6.2"]
[Board "3"]
[White "Heinatz, Thomas"]
[Black "Dorst, Johannes"]
[Result "1/2-1/2"]
[WhiteElo "2250"]
[BlackElo "2190"]
[PlyCount "95"]
[EventDate "2023.10.22"]
[EventType "team-tourn"]
[EventCountry "GER"]
[WhiteTeam "Schoeneck SF"]
[BlackTeam "Marburg SK"]
[WhiteTeamCountry "GER"]
[BlackTeamCountry "GER"]

1. e4 e6 2. d4 d5 3. e5 c5 4. c3 Qb6 5. Nf3 Nc6 6. Bd3 Bd7 7. O-O cxd4 8. Re1 Nge7 9. a3 a6 10. b4 Rc8 11. Bb2 dxc3 12. Nxc3 Ng6 13. Rc1 Be7 14. Na4 Qd8 15. Nc5 Bxc5 16. Rxc5 O-O 17. Qd2 Qe7 18. g3 Na7 19. Rxc8 Rxc8 20. Qe3 Nc6 21. h4 Nf8 22. Nh2 Kh8 23. Ng4 Qd8 24. h5 Ne7 25. h6 g6 26. Qf3 Nf5 27. Bxf5 gxf5 28. Nf6 Ba4 29. Bd4 Nd7 30. Qh5 Nxf6 31. Qxf7 Nh5 32. Qxe6 Rc4 33. Qxf5 Rxd4 34. Qxh5 Be8 35. Qf3 Qe7 36. e6 Kg8 37. Qf5 Bg6 38. Qe5 Re4 39. Rxe4 dxe4 40. Qb8+ Be8 41. Qe5 Bc6 42. Kf1 Bb5+ 43. Kg1 Bc6 44. g4 Ba4 45. g5 Bc6 46. Qb8+ Be8 47. Qe5 Bc6 48. Qb8+ 1/2-1/2

[Event "Oberliga Ost B 2023 2024"]
[Site "?"]
[Date "2024.02.24"]
[Round "6.2"]
[Board "4"]
[White "Baum, Bernd"]
[Black "Kirchner, Markus"]
[Result "0-1"]
[WhiteElo "2213"]
[BlackElo "2138"]
[PlyCount "72"]
[EventDate "2023.10.22"]
[EventType "team-tourn"]
[EventCountry "GER"]
[WhiteTeam "Marburg SK"]
[BlackTeam "Schoeneck SF"]
[WhiteTeamCountry "GER"]
[BlackTeamCountry "GER"]

1. Nf3 f5 2. c4 Nf6 3. Nc3 g6 4. d4 Bg7 5. e3 O-O 6. b4 d6 7. Bb2 Qe8 8. Be2 c6 9. Qb3 Kh8 10. O-O e5 11. dxe5 dxe5 12. Rad1 e4 13. Nd4 Nbd7 14. c5 Ne5 15. Rd2 g5 16. f3 exf3 17. gxf3 g4 18. Nd1 gxf3 19. Bxf3 Nxf3+ 20. Rxf3 Ne4 21. Rg2 Be5 22. Nc3 Nf6 23. Nce2 Bd7 24. Nf4 Rg8 25. Nd3 Rxg2+ 26. Kxg2 Qg6+ 27. Kf1 Rg8 28. Nxe5 Qg1+ 29. Ke2 Rg2+ 30. Kd3 Qb1+ 31. Kc4 Rxb2 32. Rg3 Be8 33. Qa3 Nd5 34. Nd3 Rxa2 35. Qb3 Bf7 36. Qxb1 Nb6+ 0-1

[Event "Oberliga Ost B 2023 2024"]
[Site "?"]
[Date "2024.02.24"]
[Round "6.2"]
[Board "5"]
[White "Meyer, Kai Christian"]
[Black "Alber, Horst"]
[Result "0-1"]
[WhiteElo "2190"]
[BlackElo "2226"]
[PlyCount "80"]
[EventDate "2023.10.22"]
[EventType "team-tourn"]
[EventCountry "GER"]
[WhiteTeam "Schoeneck SF"]
[BlackTeam "Marburg SK"]
[WhiteTeamCountry "GER"]
[BlackTeamCountry "GER"]

1. d4 Nf6 2. Nf3 g6 3. Bg5 Bg7 4. Nbd2 c5 5. dxc5 Na6 6. e4 Nxc5 7. e5 Nfe4 8. Nxe4 Nxe4 9. Bf4 Qb6 10. Qd4 Qxd4 11. Nxd4 g5 12. Nf5 Bf8 13. f3 gxf4 14. fxe4 b6 15. Bb5 a6 16. Ba4 e6 17. Nd6+ Ke7 18. c4 Bg7 19. Rd1 Ra7 20. O-O Bxe5 21. Nxc8+ Rxc8 22. Bb3 Rc5 23. Rd3 b5 24. cxb5 Rxb5 25. Rh3 a5 26. a4 Rb4 27. Bd1 Rxe4 28. Rxh7 d5 29. b3 Rc7 30. Rh3 Kd6 31. Rd3 Rc1 32. h4 f5 33. h5 Bd4+ 34. Kh2 Bg7 35. Rh3 Bh6 36. Kg1 Rb4 37. Rd3 e5 38. g4 e4 39. Rh3 f3 40. gxf5 Rd4 0-1

[Event "Oberliga Ost B 2023 2024"]
[Site "?"]
[Date "2024.02.24"]
[Round "6.2"]
[Board "7"]
[White "Weiss, Matthias"]
[Black "Rolle, Eric"]
[Result "0-1"]
[WhiteElo "2001"]
[BlackElo "2129"]
[PlyCount "96"]
[EventDate "2023.10.22"]
[EventType "team-tourn"]
[EventCountry "GER"]
[WhiteTeam "Schoeneck SF"]
[BlackTeam "Marburg SK"]
[WhiteTeamCountry "GER"]
[BlackTeamCountry "GER"]

1. e4 d5 2. exd5 Nf6 3. d4 Nxd5 4. Be2 Bf5 5. c3 e6 6. Nf3 Be7 7. O-O O-O 8. Re1 Nd7 9. a4 c5 10. Na3 cxd4 11. Nxd4 Bg6 12. Bf3 Nc5 13. Be2 Bf6 14. Nc4 Ne4 15. Be3 Rc8 16. Rc1 Nxe3 17. Nxe3 Qb6 18. Nc4 Rxc4 19. Bxc4 e5 20. Bd5 Nc5 21. b4 Nd3 22. Nf3 Qxf2+ 23. Kh1 Qb6 24. Qe2 e4 25. Nd4 Bxd4 26. cxd4 Qxd4 27. Bxb7 Nxc1 28. Rxc1 Qxb4 29. Qb5 Qd2 30. Qc4 e3 31. Bf3 h6 32. Rd1 Qc2 33. Qxc2 Bxc2 34. Re1 Re8 35. a5 f5 36. g3 Re5 37. Kg2 Kf7 38. Kf1 g5 39. Rc1 Ba4 40. Rc7+ Re7 41. Bd5+ Kf6 42. Rc8 Bb5+ 43. Bc4 Bxc4+ 44. Rxc4 Ke5 45. Ke2 Kd5 46. Rc8 f4 47. Rd8+ Ke4 48. Rd6 f3+ 0-1

[Event "Oberliga Ost B 2023 2024"]
[Site "?"]
[Date "2024.02.24"]
[Round "6.2"]
[Board "8"]
[White "Duncker, Joachim"]
[Black "Kleschtschow, Juri"]
[Result "1-0"]
[WhiteElo "2074"]
[BlackElo "2110"]
[PlyCount "145"]
[EventDate "2023.10.22"]
[EventType "team-tourn"]
[EventCountry "GER"]
[WhiteTeam "Marburg SK"]
[BlackTeam "Schoeneck SF"]
[WhiteTeamCountry "GER"]
[BlackTeamCountry "GER"]

1. e4 c6 2. Nc3 d5 3. d3 dxe4 4. Nxe4 Nf6 5. Qe2 e6 6. Nf3 Be7 7. h3 c5 8. g4 Nc6 9. Bg2 Nxe4 10. dxe4 e5 11. c3 Qa5 12. O-O Be6 13. Rd1 O-O 14. Bd2 Rfd8 15. b3 Rd7 16. c4 Qc7 17. Be1 Rad8 18. Rxd7 Qxd7 19. Bc3 f6 20. Kh2 Qd3 21. Qxd3 Rxd3 22. Rc1 Bd8 23. Ne1 Rd7 24. Bf1 Ba5 25. Bxa5 Nxa5 26. Nd3 b6 27. f4 exf4 28. Nxf4 Rd2+ 29. Kg3 Kf7 30. Ra1 Nc6 31. Nd3 Ne5 32. Nxe5+ fxe5 33. Kf3 Kf6 34. Be2 Kg5 35. Ke3 Rd4 36. h4+ Kxh4 37. Rh1+ Kg5 38. Rxh7 Rd7 39. Rh5+ Kf6 40. Rh8 Kg6 41. Rh5 Kf6 42. Rh8 Bf7 43. Rc8 Rb7 44. Rd8 Be6 45. Rh8 Bd7 46. a4 Rc7 47. Rh1 Rc8 48. Rh2 Rb8 49. Rh1 a6 50. Rf1+ Ke7 51. Rh1 Be6 52. g5 b5 53. axb5 axb5 54. Ra1 Rb7 55. Ra5 bxc4 56. Bxc4 Bxc4 57. bxc4 Rb3+ 58. Kf2 Rb1 59. Kf3 Rb3+ 60. Kg4 g6 61. Rxc5 Kd6 62. Ra5 Re3 63. Ra6+ Kc5 64. Rxg6 Rxe4+ 65. Kf5 Re1 66. Re6 Kd4 67. g6 Rf1+ 68. Kg5 e4 69. g7 e3 70. Kh6 Kxc4 71. g8=Q Rh1+ 72. Kg7 Rg1+ 73. Rg6+ 1-0

[Event "Oberliga Ost B 2023 2024"]
[Site "?"]
[Date "2024.02.24"]
[Round "6.3"]
[Board "1"]
[White "Dolzhykova, Kateryna"]
[Black "Kunin, Vitaly"]
[Result "1/2-1/2"]
[WhiteElo "2255"]
[BlackElo "2522"]
[PlyCount "155"]
[EventDate "2023.10.22"]
[EventType "team-tourn"]
[EventCountry "GER"]
[WhiteTeam "Oberursel SV"]
[BlackTeam "Moerlenbach Birkenau Freibauer"]
[WhiteTeamCountry "GER"]
[BlackTeamCountry "GER"]

1. e4 e5 2. Nc3 Nf6 3. g3 Bb4 4. Nge2 O-O 5. Bg2 Re8 6. O-O d6 7. a3 Bc5 8. b4 Bb6 9. Na4 Nbd7 10. Bb2 a5 11. d4 Ba7 12. d5 b5 13. Nac3 Ba6 14. bxa5 Nc5 15. Nc1 Rb8 16. Re1 b4 17. axb4 Rxb4 18. Ba3 Rd4 19. Qf3 Rd2 20. Bf1 Qc8 21. Bxa6 Qxa6 22. Bxc5 Bxc5 23. Re2 Rd4 24. Nb3 Rc4 25. Qd3 Ra8 26. Na4 Bd4 27. Ra3 h5 28. Kf1 c6 29. c3 cxd5 30. cxd4 dxe4 31. Qd2 Qc6 32. d5 Nxd5 33. Nb2 e3 34. fxe3 Nc3 35. e4 Rxe4 36. Rxe4 Nxe4 37. Qg2 Qb5+ 38. Kg1 d5 39. Qc2 h4 40. Qd3 Qb4 41. Ra1 hxg3 42. hxg3 Qb7 43. Nd1 Ra6 44. Ra2 d4 45. Rg2 Rh6 46. Nd2 Ng5 47. Nf2 Qb2 48. Ng4 Nh3+ 49. Kf1 Qc1+ 50. Ke2 Rg6 51. Qb1 d3+ 52. Qxd3 Rxg4 53. Qd8+ Kh7 54. Rh2 Rd4 55. Rxh3+ Kg6 56. Qb6+ f6 57. Qb1+ Qxb1 58. Nxb1 Ra4 59. Rh4 Rxa5 60. Rg4+ Kf7 61. Nc3 f5 62. Rc4 Kf6 63. Kf3 Kg5 64. Ne2 e4+ 65. Kf2 Kg4 66. Rc2 g5 67. Rc4 Ra2 68. Rc5 f4 69. gxf4 gxf4 70. Rc4 Kf5 71. Rc5+ Kf6 72. Kf1 e3 73. Nxf4 Rf2+ 74. Ke1 Rxf4 75. Ke2 Re4 76. Rc3 Kf5 77. Rxe3 Rxe3+ 78. Kxe3 1/2-1/2

[Event "Oberliga Ost B 2023 2024"]
[Site "?"]
[Date "2024.02.24"]
[Round "6.3"]
[Board "2"]
[White "Galdunts, Sergey"]
[Black "Heinz, Axel"]
[Result "1-0"]
[WhiteElo "2386"]
[BlackElo "2426"]
[PlyCount "69"]
[EventDate "2023.10.22"]
[EventType "team-tourn"]
[EventCountry "GER"]
[WhiteTeam "Moerlenbach Birkenau Freibauer"]
[BlackTeam "Oberursel SV"]
[WhiteTeamCountry "GER"]
[BlackTeamCountry "GER"]

1. e4 e5 2. Nf3 Nc6 3. Nc3 Nf6 4. Bb5 Bd6 5. d3 h6 6. Ne2 a6 7. Ba4 O-O 8. Ng3 Re8 9. c3 Bf8 10. O-O b5 11. Bb3 d6 12. Re1 Na5 13. Bc2 c5 14. d4 Bd7 15. h3 Qc7 16. d5 c4 17. Nh2 g6 18. f4 exf4 19. Bxf4 Bg7 20. Qd2 h5 21. Nf3 Nb7 22. Re2 Nh7 23. Bh6 Bh8 24. Rf1 Nc5 25. Qf4 Bc8 26. Nxh5 Nd7 27. Nd4 Ne5 28. Qg3 Qe7 29. Ref2 Bd7 30. Nf5 Bxf5 31. exf5 Nf8 32. Bxf8 Rxf8 33. fxg6 f6 34. g7 Bxg7 35. Nxf6+ 1-0

[Event "Oberliga Ost B 2023 2024"]
[Site "?"]
[Date "2024.02.24"]
[Round "6.3"]
[Board "3"]
[White "Margolin, Boris"]
[Black "Legde, Georg"]
[Result "1/2-1/2"]
[WhiteElo "2386"]
[BlackElo "2295"]
[PlyCount "62"]
[EventDate "2023.10.22"]
[EventType "team-tourn"]
[EventCountry "GER"]
[WhiteTeam "Oberursel SV"]
[BlackTeam "Moerlenbach Birkenau Freibauer"]
[WhiteTeamCountry "GER"]
[BlackTeamCountry "GER"]

1. e4 c5 2. Nf3 Nc6 3. Nc3 Nf6 4. d4 cxd4 5. Nxd4 d6 6. f3 e6 7. Be3 a6 8. g4 Be7 9. Qd2 O-O 10. O-O-O Nxd4 11. Bxd4 b5 12. h4 Qa5 13. Kb1 b4 14. Ne2 e5 15. Bf2 Be6 16. Nc1 Rfd8 17. g5 Nh5 18. Nb3 Qa4 19. Bh3 Bxh3 20. Rxh3 Nf4 21. Rhh1 d5 22. Bb6 Rd7 23. Nc5 Bxc5 24. Bxc5 a5 25. Be3 Rad8 26. b3 Qc6 27. Bxf4 dxe4 28. Qc1 exf4 29. Rxd7 Qxd7 30. Qxf4 exf3 31. Qxf3 Qd5 1/2-1/2

[Event "Oberliga Ost B 2023 2024"]
[Site "?"]
[Date "2024.02.24"]
[Round "6.3"]
[Board "4"]
[White "Dittmar, Peter"]
[Black "Weber, Samuel"]
[Result "1/2-1/2"]
[WhiteElo "2132"]
[BlackElo "2273"]
[PlyCount "97"]
[EventDate "2023.10.22"]
[EventType "team-tourn"]
[EventCountry "GER"]
[WhiteTeam "Moerlenbach Birkenau Freibauer"]
[BlackTeam "Oberursel SV"]
[WhiteTeamCountry "GER"]
[BlackTeamCountry "GER"]

1. d4 Nf6 2. c4 Nc6 3. Nf3 e6 4. a3 d5 5. cxd5 exd5 6. Bg5 Be7 7. Nc3 O-O 8. Qc2 Nh5 9. Bxe7 Nxe7 10. e3 Bf5 11. Bd3 Bxd3 12. Qxd3 Nf6 13. O-O Nc8 14. Rfc1 a5 15. Na4 Nd6 16. Qc2 c6 17. Nc5 Re8 18. Ne5 Nfe4 19. Nxe4 Nxe4 20. Nd3 Re6 21. Nc5 Nxc5 22. Qxc5 Rg6 23. Qc2 Qg5 24. g3 h5 25. h4 Qg4 26. Kg2 Re8 27. Re1 Re4 28. Qd1 Qe6 29. Qxh5 Reg4 30. Qe5 Qxe5 31. dxe5 Rxh4 32. Rad1 Re4 33. f4 f6 34. exf6 Rxf6 35. Rd4 Rd6 36. Kf3 Rde6 37. Rxe4 Rxe4 38. Rc1 Kf7 39. Rc5 Ra4 40. g4 Ke6 41. Rc2 Kd6 42. Rh2 Re4 43. Rh7 Re7 44. g5 b5 45. f5 c5 46. Kf4 Re4+ 47. Kf3 Re7 48. Kf4 Re4+ 49. Kf3 1/2-1/2

[Event "Oberliga Ost B 2023 2024"]
[Site "?"]
[Date "2024.02.24"]
[Round "6.3"]
[Board "5"]
[White "Dubiel, Jacek"]
[Black "Schneider, Heiko"]
[Result "1-0"]
[WhiteElo "2373"]
[BlackElo "2149"]
[PlyCount "75"]
[EventDate "2023.10.22"]
[EventType "team-tourn"]
[EventCountry "GER"]
[WhiteTeam "Oberursel SV"]
[BlackTeam "Moerlenbach Birkenau Freibauer"]
[WhiteTeamCountry "GER"]
[BlackTeamCountry "GER"]

1. e4 c5 2. Nf3 d6 3. d4 cxd4 4. Nxd4 Nf6 5. Nc3 a6 6. Be3 e5 7. Nb3 Be6 8. f4 Ng4 9. Bd2 exf4 10. Bxf4 Nc6 11. Qd2 Be7 12. O-O-O Nce5 13. h3 Nf6 14. g4 h6 15. Qg2 Qb6 16. Nd4 Rc8 17. Nxe6 fxe6 18. Bd2 Qc7 19. Kb1 b5 20. Rc1 Qb7 21. Bd3 Nc4 22. Be1 Nd7 23. h4 Nde5 24. g5 h5 25. Qh3 Ng4 26. Rf1 Rf8 27. Ne2 Qb6 28. Rxf8+ Bxf8 29. Nf4 Kd7 30. Nxh5 Nce5 31. Nf4 g6 32. Be2 Qe3 33. Bxg4 Nxg4 34. Qxg4 Qxe4 35. Nh5 Qe3 36. Qf4 Qe2 37. Qf7+ Be7 38. Nf6+ 1-0

[Event "Oberliga Ost B 2023 2024"]
[Site "?"]
[Date "2024.02.24"]
[Round "6.3"]
[Board "6"]
[White "Klings, Peter"]
[Black "Schlamp, Robert"]
[Result "0-1"]
[WhiteElo "1977"]
[BlackElo "2247"]
[PlyCount "128"]
[EventDate "2023.10.22"]
[EventType "team-tourn"]
[EventCountry "GER"]
[WhiteTeam "Moerlenbach Birkenau Freibauer"]
[BlackTeam "Oberursel SV"]
[WhiteTeamCountry "GER"]
[BlackTeamCountry "GER"]

1. e4 e5 2. Bc4 Nf6 3. d3 Be7 4. Nf3 d6 5. O-O O-O 6. a4 c5 7. Nc3 Nc6 8. h3 Be6 9. Bg5 Qd7 10. Bxf6 Bxf6 11. Nd5 Bd8 12. Ne3 Kh8 13. c3 g6 14. Nd2 Bg5 15. Qe2 Rae8 16. Rfd1 f5 17. Bxe6 Rxe6 18. Nd5 Bxd2 19. Qxd2 f4 20. f3 g5 21. Kf1 h5 22. Ke2 Rg6 23. Rh1 Kg8 24. Qc2 Kg7 25. Rh2 Rh8 26. Rah1 Na5 27. Kd2 Rc8 28. b3 Kf7 29. Qa2 Qe6 30. Rb1 Rgg8 31. Qa3 Nc6 32. a5 Ne7 33. Nxe7 Qxe7 34. Qa4 Kf6 35. Kc2 Rc7 36. Rb2 Rb8 37. Rh1 Qe6 38. Qc4 Rg7 39. Qb5 Rf8 40. c4 Rff7 41. Kb1 Rc7 42. Ra2 Qg8 43. b4 Qc8 44. Ka1 Rcd7 45. Kb2 cxb4 46. Qxb4 Qc5 47. Kb3 Ke7 48. Rb2 Kd8 49. Ra2 Kc7 50. Rb2 g4 51. hxg4 hxg4 52. Rh5 Qxb4+ 53. Kxb4 gxf3 54. gxf3 Rg3 55. Rf2 Rg1 56. d4 exd4 57. Rd5 Rb1+ 58. Ka3 Rd1 59. Kb3 Rd3+ 60. Kb4 b6 61. axb6+ axb6 62. Rf5 Kc6 63. Rxf4 Ra7 64. Rb2 Rda3 0-1